| 000 | 00547nam a2200229Ia 4500 | ||
|---|---|---|---|
| 008 | 210210b1919 xxu||||| |||| 00| 0 eng d | ||
| 041 | _aeng | ||
| 082 | _a320/246 | ||
| 100 | _aHEATLEY (D P) | ||
| 245 | _aDiplomacy and the study of international relations | ||
| 260 |
_aOxford _bAt the Clarendon Press _c1919 |
||
| 300 | _axvi,292 | ||
| 650 | _athe | ||
| 650 | _astudy | ||
| 650 | _arelations | ||
| 650 | _aof | ||
| 650 | _ainternational | ||
| 650 | _aDiplomacy | ||
| 650 | _aand | ||
| 690 | _aPolitical Science | ||
| 906 | _a001996 | ||
| 999 |
_c118051 _d118051 |
||